Разработка многофункционального манипулятора параллельной структуры с гибкими звеньями для компенсации веса; Молодежь и современные информационные технологии

Dades bibliogràfiques
Parent link:Молодежь и современные информационные технологии.— 2020.— [С. 206-207]
Autor principal: Бугаков А. И.
Autor corporatiu: Национальный исследовательский Томский политехнический университет
Sumari:Заглавие с титульного экрана
Idioma:rus
Publicat: 2020
Col·lecció:Мехатроника, робототехника и управление
Matèries:
Accés en línia:http://earchive.tpu.ru/handle/11683/62227
Format: MixedMaterials Electrònic Capítol de llibre
KOHA link:https://koha.lib.tpu.ru/cgi-bin/koha/opac-detail.pl?biblionumber=631179

MARC

LEADER 00000naa2a2200000 4500
001 631179
005 20231102024521.0
035 |a (RuTPU)RU\TPU\conf\32878 
035 |a RU\TPU\conf\32877 
090 |a 631179 
100 |a 20200630d2020 k y0rusy50 ca 
101 0 |a rus 
102 |a RU 
105 |a y z 101zy 
135 |a drgn ---uucaa 
181 0 |a i  
182 0 |a b 
200 1 |a Разработка многофункционального манипулятора параллельной структуры с гибкими звеньями для компенсации веса  |f А. И. Бугаков 
203 |a Текст  |c электронный 
225 1 |a Мехатроника, робототехника и управление 
230 |a 1 компьютерный файл (pdf; 1 035 Кb) 
300 |a Заглавие с титульного экрана 
320 |a [Библиогр.: с. 207 (3 назв.)] 
463 0 |0 (RuTPU)RU\TPU\conf\32807  |t Молодежь и современные информационные технологии  |o сборник трудов XVII Международной научно-практической конференции студентов, аспирантов и молодых учёных, 17-20 февраля 2020 г., г. Томск  |f Национальный исследовательский Томский политехнический университет, Инженерная школа информационных технологий и робототехники ; под ред. Д. М. Сонькина [и др.]  |v [С. 206-207]  |d 2020 
610 1 |a электронный ресурс 
610 1 |a труды учёных ТПУ 
610 1 |a манипуляторы 
610 1 |a параллельные структуры 
610 1 |a кинематические схемы 
610 1 |a математические модели 
610 1 |a реабилитация 
610 1 |a опорно-двигательный аппарат 
700 1 |a Бугаков  |b А. И. 
712 0 2 |a Национальный исследовательский Томский политехнический университет  |c (2009- )  |2 stltpush  |3 (RuTPU)RU\TPU\col\15902  |9 26305 
801 2 |a RU  |b 63413507  |c 20200707  |g RCR 
856 4 |u http://earchive.tpu.ru/handle/11683/62227 
942 |c BK